Szczegóły MARC21

Erich Maria Remarque, Im Westen nichts Neues" und die Folgen /

003 -Nazwa inst., której nr kontr. jest w polu 001 [,]
    • @
    • Nazwa instytucji, której n kontrolny jest w polu 001
    • NUKAT
005 -DATA I CZAS OSTATNIEJ MODYFIKACJI [,]
    • @
    • pole kontrolne
    • 20260318121637.0
020 -Międzynarod. znormalizowany nr książki - ISBN [ , ]
    • a
    • Numer ISBN
    • 9783847103844 Find
    • q
    • Dopowiedzenie
    • (oprawa miękka)
020 -Międzynarod. znormalizowany nr książki - ISBN [ , ]
    • a
    • Numer ISBN
    • 9783847003847 Find
    • q
    • Dopowiedzenie
    • (E-book)
040 -Instytucja sporządzająca opis [ , ]
    • a
    • Instytucja, która sporządziła opis (NP)
    • SZCZ U/KLR
    • b
    • Język katalogowania
    • pol
    • e
    • Zasady katalogowania
    • rda
    • c
    • Instytucja, która sporządziła rekord (NP)
    • SZCZ U/KLRs
942 -Rodzaj dokumentu [ , ]
    • c
    • Rodzaj dokumentu
    • Książka
245 -Strefa tytułu i oznaczenia odpowiedzialności [0,0]
    • a
    • Tytuł
    • Erich Maria Remarque, Im Westen nichts Neues" und die Folgen / Find
    • c
    • Pozostałe elementy strefy tytułu i oznaczenia odpowiedzialności (NP)
    • Thomas F. Schneider (Hg).
260 -Strefa adresu wydawniczego [ , ]
    • a
    • Miejsce wydania (P)
    • Göttingen :
    • b
    • Nazwa wydawcy (P)
    • V&R Unipress :
    • b
    • Nazwa wydawcy (P)
    • Universitätsverlag Osnabrück,
    • c
    • Data wydania (P)
    • 2014.
300 -Strefa opisu fizycznego [ , ]
    • a
    • Określenie formy książki i/lub objętość (NP)
    • 110 stron :
    • b
    • Oznaczenie ilustracji (NP)
    • ilustracje ;
    • c
    • Format (NP)
    • 24 cm.
336 -Typ zawartości [ , ]
    • a
    • Termin opisujący typ zawartości
    • Tekst
    • b
    • Kod określający zawartość
    • txt
    • 2
    • Źródło (terminu i kodu)
    • rdacontent
337 -Typ mediów [ , ]
    • a
    • Tryb odtwarzania
    • Bez urządzenia pośredniczącego
    • b
    • Kod typu mediów
    • n
    • 2
    • Źródło (terminu i kodu)
    • rdamedia
338 -Typ/rodzaj nośnika [ , ]
    • a
    • Hasło opisujące typ nośnika
    • Wolumin
    • b
    • Kod typu nośnika
    • nc
    • 2
    • Źródło (terminu i kodu)
    • rdacarrier
490 -Strefa serii i książki wielotomowej - forma nie do wyszukiwania [1, ]
    • a
    • Tytuł (P)
    • Erich Maria Remarque Jahrbuch, Find
    • x
    • ISSN (NP)
    • 0940-9181 ;
    • v
    • Numeracja (P)
    • yearbook 24/2014
830 -Hasło dodatkowe serii i opisu książki wielotomowej - tytuł ujednolicony/tytuł [ ,0]
    • a
    • Tytuł ujednolicony/tytuł (NP)
    • Erich-Maria-Remarque-Jahrbuch
    • x
    • ISSN
    • 0940-9181
    • v
    • Oznaczenie tomu (NP)
    • yearbook 24/2014
    • 9
    • KHW
    • 742192
600 -Hasło przedmiotowe w formie nazwy osobowej [1,7]
    • a
    • Nazwa osobowa
    • Remarque, Erich Maria
    • d
    • Daty związane z nazwą
    • (1898-1970).
    • t
    • Tytuł
    • Im Westen nichts Neues
    • 2
    • Źródło terminu
    • kaba
    • 9
    • KHW
    • 307207
600 -Hasło przedmiotowe w formie nazwy osobowej [1,7]
    • a
    • Nazwa osobowa
    • Remarque, Erich Maria
    • d
    • Daty związane z nazwą
    • (1898-1970)
    • v
    • Określnik formalny
    • bibliografia.
    • 2
    • Źródło terminu
    • kaba
    • 9
    • KHW
    • 742211
700 -Hasło dodatkowe - nazwa osobowa [1, ]
    • a
    • Nazwa osobowa (NP)
    • Schneider, Thomas F. Find
    • e
    • Określenie rodzaju współpracy
    • Redakcja
    • 9
    • KHW
    • 12466
710 -Hasło dodatkowe - nazwa ciała zbiorowego [2, ]
    • a
    • Nazwa ciała zbiorowego lub nazwa geograficzna jako pierwszy element (NP)
    • Vandenhoeck und Ruprecht.
    • e
    • Rodzaj współpracy
    • Wydawca
    • 4
    • Kod relacji
    • pbl
    • 9
    • KHW
    • 70890
710 -Hasło dodatkowe - nazwa ciała zbiorowego [2, ]
    • a
    • Nazwa ciała zbiorowego lub nazwa geograficzna jako pierwszy element (NP)
    • Universitätsverlag Osnabrück.
    • e
    • Rodzaj współpracy
    • Wydawca
    • 4
    • Kod relacji
    • pbl
    • 9
    • KHW
    • 742206
920 -ISBN [ , ]
    • a
    • ISBN
    • 978-3-84710-384-4 (oprawa miękka) Find
920 -ISBN [ , ]
    • a
    • ISBN
    • 978-3-84700-384-7 (E-book) Find
Numer inwentarzowy Sygnatura Data inwentaryzacji Lokalizacja Status udost.
G.22122GERM. Lit. niem. - modernizm 082026-04-01BM1